Statistics for The Beatles Discography

Click here to take the quiz!

General Stats

  • This quiz has been taken 25 times
  • The average score is 12 of 20

Answer Stats

Year of ReleaseAnswer% Correct
1970Let It Be
86%
1965Help!
82%
1969Abbey Road
77%
1966Revolver
77%
1965Rubber Soul
77%
1967Sgt. Pepper's Lonely Hearts Club Band
77%
1969Yellow Submarine
77%
1964A Hard Day's Night
73%
1963Please Please Me
73%
1968The White Album
73%
1963With The Beatles
73%
1967Magical Mystery Tour
68%
1964Beatles For Sale
55%
1995Anthology 1
45%
1996Anthology 2
45%
1996Anthology 3
41%
1988Past Masters
41%
2013Live at the BBC
18%
1979First Live Recordings
5%
1977Live at the Star Club in Hamburg, Germany
5%

Score Distribution

Percentile by Number Answered

Percent of People with Each Score

Your Score History

You have not taken this quiz